000
00261nam a2200109Ia 4500
005
20251222152638.0
008
251222s9999||||xx |||||||||||||| ||spa||
082
_a
372.832/M67
245
0
_a
Guía Didáctica para el Profesor:
264
_b
Mobiles
942
_c
LIB
999
_c
27991
_d
27991